Η σωματική αγωγή : το βάθρον του ελληνικού πολιτισμού

Αποθηκεύτηκε σε:
Λεπτομέρειες βιβλιογραφικής εγγραφής
Κύριος συγγραφέας: Παντελάρας, Γεώργιος Κ.
Μορφή: Βιβλίο
Γλώσσα:Greek
Δημοσίευση: Αθήναι : [χ.ό.], 1957
Θέματα:
Ετικέτες: Προσθήκη ετικέτας
Δεν υπάρχουν, Καταχωρήστε ετικέτα πρώτοι!

MARC

LEADER 00000cam a2200000 i 4500
001 1/100154
008 090105s1957 gr | ||| |||| ||gre||
035 |l 10102746 
040 |a GR-MY-UA  |b gre  |e aacr 
041 0 |a gre 
082 0 |a 796.07  |2 (22) 
100 1 |a Παντελάρας, Γεώργιος Κ. 
245 1 2 |a Η σωματική αγωγή :  |b το βάθρον του ελληνικού πολιτισμού /  |c Γεωργίου Κ. Παντελάρα 
260 |a Αθήναι :   |b [χ.ό.],   |c 1957 
300 |a 96 σ.;  |c 21 εκ. 
650 0 0 |a Physical education and training  |z Greece. 
650 0 0 |a Athletics  |z Greece  |x History. 
651 0 |a Greece  |x Civilization. 
852 |a INST  |b RHODES  |c AKA  |e 20090105  |h  796.07 ΠΑΝ  |p 005400031710  |q 005400031710  |t BK  |y 0 
901 |a BIBL4-2008-3 
909 |a Ρ  |b 156723 
970 |a ΚΟΖΑ  |b ΜΑΡΙΑ  |z 2008/12/23